000 00412 a2200133 4500
005 20250415121619.0
020 _a978-1-78415-672-5
082 _a657.076 ACC
111 _aACCA
245 _aPaper F1 and FIA Diploma in Accounting and Business: Accounting in Business (AB/FAB). Complete Text.
260 _aBritain,
_bKaplan Financial LTD,
_c2016.
300 _axxvii, 698p.: ill.;
_bIndex
_c29cm
942 _2ddc
_cBKS
999 _c1459
_d1459